| 000 | 00575nam a22001937a 4500 | ||
|---|---|---|---|
| 003 | OSt | ||
| 005 | 20160530190738.0 | ||
| 008 | 160530b xxu||||| |||| 00| 0 eng d | ||
| 020 | _a1920773126 | ||
| 040 | _c040a | ||
| 082 |
_aQW 170 _bH641g 2004 |
||
| 245 |
_aHIV / Viral Hepatitis : _ba guide for primary care / _cGregory Dore...{etal} |
||
| 260 |
_aAustralia _bAustralian society _c2004 |
||
| 300 |
_a128p; _bill: _c14 cm. |
||
| 504 | _aIncludes bibliographical references and index | ||
| 650 |
_aHIV _92583 |
||
| 700 |
_aCore, Gregory...{etal} _99138 |
||
| 942 |
_2ddc _cO_SHELF |
||
| 999 |
_c4241 _d4241 |
||